Statistiques concernant Mots cachés n°27

Cliquez ici pour prendre le quiz!

Statistiques générales

  • Ce quiz a été pris 85 fois
  • Le résultat moyen est 24 sur 25

Statistiques - réponses

QuestionTuileSelect% Correct
pelle, balle, point et pull.CNon
100%
pelle, balle, point et pull.ONon
100%
pelle, balle, point et pull.ONon
100%
pelle, balle, point et pull.GNon
99%
pelle, balle, point et pull.ONon
99%
pelle, balle, point et pull.ONon
99%
pelle, balle, point et pull.POui
99%
pelle, balle, point et pull.BNon
97%
pelle, balle, point et pull.BNon
97%
pelle, balle, point et pull.BNon
97%
pelle, balle, point et pull.LOui
96%
pelle, balle, point et pull.LOui
96%
pelle, balle, point et pull.EOui
95%
pelle, balle, point et pull.AOui
94%
pelle, balle, point et pull.EOui
94%
pelle, balle, point et pull.LOui
94%
pelle, balle, point et pull.BOui
92%
pelle, balle, point et pull.LOui
92%
pelle, balle, point et pull.POui
92%
pelle, balle, point et pull.UOui
92%
pelle, balle, point et pull.EOui
91%
pelle, balle, point et pull.OOui
88%
pelle, balle, point et pull.IOui
87%
pelle, balle, point et pull.NOui
87%
pelle, balle, point et pull.TOui
86%

Distribution des résultats

Percentile par nombre de réponses

% des personnes avec chaque résultat

Votre développement - résultats

Vous n’avez pas pris ce quiz